000 01291nam a2200325 c 4500
003 BLK
005 20180420220139.0
008 180413b bul|||||r ||||||| ||bul||
010 _aKNG00029899000
020 _a954-9577-11-2
_bиздат.: Алма Матер Интернационал
040 _aBLK
041 _aBUL
_cBUL
_hENG
080 _aВисше образование. Висши учебни заведения
_b378
_x(410)(035)
_z378(410)(035)
100 1 _aСавова, Жулиета Иванова
_eпърви автор
_9265565
139 _aСавова, Жулиета Ив.
_bС 13
245 1 0 _aКак да следвам в Англия
_cЖулиета Иванова Савова.
257 _aBGR
260 Габрово
_bАлма Матер Интернационал
_c1999
_fСофия : ССБ
300 _a134 с.
_c21 см
380 _a3
500 _aАвт. не е отбелязана на кор. - Текст и на англ. ез.
650 4 _aАнглия - висше образование
_9269221
653 _aАнглия
653 _aвисше образование
852 _aЦб 196946
856 4 _qpdf
_u
856 4 _qpdf
_u
942 _cKNG
_n0
944 _aCR
_c15.01.2003
_kЦветанка_Енчева
944 _aED
_c17.06.2004
_k
999 _c27318
_d27318